Statistiques concernant Les plus beau joueur de la coupe du monde 2022.

Cliquez ici pour prendre le quiz!

Statistiques générales

  • Ce quiz a été pris 58 fois
  • Le résultat moyen est 2 sur 13

Statistiques - réponses

HintRéponse% Correct
JoueurNeymar
92%
JoueurCristiano Ronaldo
75%
JoueurOlivier Giroud
54%
JoueurRodrigo De Paul
10%
JoueurEden Hazard
4%
JoueurSon Heung-Min
2%
JoueurFabian Schär
0%
JoueurGrzegorz Krychowiak
0%
JoueurKevin Trapp
0%
JoueurMarcos Llorente
0%
JoueurRuben Loftus-Cheek
0%
JoueurSimon Kjær
0%
JoueurVirgil Van Dijk
0%

Distribution des résultats

Percentile par nombre de réponses

% des personnes avec chaque résultat

Votre développement - résultats

Vous n’avez pas pris ce quiz